F1 Podiums 1999 - Statistics

General Stats
  • This quiz has been taken 324 times
  • The average score is 9 of 11
Answer Stats
Answer % Correct
Michael Schumacher
100%
Ralf Schumacher
100%
Mika Hakkinen
98%
David Coulthard
95%
Eddie Irvine
93%
Heinz-Harald Frentzen
88%
Rubens Barrichello
82%
Giancarlo Fisichella
77%
Jarno Trulli
71%
Johnny Herbert
71%
Mika Salo
67%
No matching quizzes found
Score Distribution
Percent of People with Each Score
Percentile by Number Answered
Your Score History
You have not taken this quiz